| 000 | 01304nam a2200301Ia 4500 | ||
|---|---|---|---|
| 999 |
_c4001 _d4001 |
||
| 003 | OSt | ||
| 005 | 20200616134916.0 | ||
| 008 | 191128s2011 ck a ar 000 j spa d | ||
| 020 | _a9789588445205 | ||
| 040 |
_aCO-JMCR _cCO-JMCR |
||
| 041 | 1 |
_aspa _heng |
|
| 082 | 0 | 4 |
_aC / _bVELs |
| 100 | 1 |
_aVelthuijs, Max, _eautor _91444 |
|
| 245 | 1 | 0 |
_aSapo tiene miedo / _cMax Velthuijs ; traducción Carmen Diana Dearden |
| 250 | _aQuinta edición | ||
| 260 |
_a[Bogotá] : _bEdiciones Ekaré, _c2011 |
||
| 300 |
_a[28] páginas sin numerar : _bprincipalmente ilustraciones a color ; _c23 cm. |
||
| 500 | _aIncluye datos biográficos del autor. | ||
| 500 | _aTítulo original: Frog is frightened | ||
| 520 | _aTodo el mundo sabe que los fantasmas y los monstruos no existen. Pero una noche oscura, Sapo, Pata y Cochinito escuchan ruidos extraños por todas partes y piensan que el bosque está embrujado. Sapo y sus amigos descubren cómo juntos pueden superar sus miedos. | ||
| 521 |
_aRecomendado de 4 a 6 años _bTapa posterior |
||
| 546 | _aTraducido del inglés | ||
| 650 | 1 | 4 |
_aCuentos infantiles holandeses _ySiglo XX _91445 |
| 650 | 1 | 4 |
_aMiedo _xCuentos infantiles _91446 |
| 650 | 1 | 4 |
_aAnimales en la literatura _9633 |
| 700 | 1 |
_aDearden, Carmen Diana, _etraductora _91447 |
|
| 942 |
_2ddc _cBK |
||